|
|
|
|
| LEADER |
01508nam a22003017a 4500 |
| 001 |
27525 |
| 003 |
BD-DhAAL |
| 008 |
130915s1992 enk||||| b||| 001 0 eng |
| 020 |
|
|
|a 0855981777
|
| 020 |
|
|
|a 0855981776
|
| 020 |
|
|
|a 0855981768
|
| 040 |
|
|
|a BD-DhAAL
|d BD-DhAAL
|
| 082 |
|
|
|2 20
|a 301.07201724
|
| 100 |
|
|
|a Pratt, Brian.
|9 3065
|
| 245 |
|
|
|a Choosing research methods :
|b data collection for development workers /
|c Brian Pratt and Peter Loizos.
|
| 260 |
|
|
|a Oxford :
|b Oxfam,
|c 1992.
|
| 300 |
|
|
|a vi, 120 p. ;
|c 22 cm.
|
| 490 |
|
|
|a Development guidelines,
|v no. 7.
|
| 504 |
|
|
|6 Includes bibliography (p. 85) and index.
|
| 520 |
|
|
|a A practical manual to help development workers with the collection of data needed in the development field. A companion volume to "Social Survey Methods", this book considers the broader theoretical issues behind social research and explains and evaluates the different methods of collection in use.
|
| 541 |
|
|
|e 27525
|
| 650 |
|
|
|a Economic development projects
|x Statistical methods.
|9 3066
|
| 650 |
|
|
|a Economic development
|x Research.
|9 3067
|
| 700 |
|
|
|a Loizos, Peter.
|9 3068
|
| 942 |
|
|
|2 ddc
|c BK
|
| 999 |
|
|
|c 13964
|d 13964
|
| 952 |
|
|
|0 0
|1 0
|2 ddc
|4 0
|6 301_072017240000000_PRA
|7 0
|9 23394
|a IGS
|b IGS
|c GEN
|d 2013-09-15
|e Trim Education
|g 3250.00
|l 0
|o 301.07201724 PRA
|p 3010027525
|r 2013-09-15
|t 2
|w 2013-09-15
|y BK
|
| 952 |
|
|
|0 0
|1 0
|2 ddc
|4 0
|6 301_072017240000000_PRA
|7 0
|9 44543
|a BRACUL
|b BRACUL
|c GEN
|d 2014-12-23
|g 984.50
|l 0
|o 301.07201724 PRA
|p 3010005730
|r 2014-12-23
|t 1
|w 2014-12-23
|y BK
|